00967cam a2200265 a 450000100100000000500170001000800410002702000150006804000290008308200190011210000410013124000220017224500820019426000760027630000210035249000260037365000270039965000300042670000310045683000340048791000340052104900090055595201220056499900150068600000989120200929161741.0980102s1997 mx 000 0 spa  a9682995795 aDO-SdBNPbspacLCdBNPHU aM862.44bG643t1 aGonzález Dávila, Jesús.92482310aSelections.k199710aTrilogía /cJesús González Dávila ; presentación Gilberto Guerrero. aMéxico, D. F. :bConsejo Nacional para la Cultura y las Artes,c1997. a129 p. ;c21 cm.1 aLecturas Mexicanasv4 4aTeatro mexicano917662 4aLiteratura mexicana919221 aGuerrero, Gilberto.924824 0aLecturas Mexicanas,v4919857 aCatalogación por copia / LC aBNGR 001052708MOaGRbGRcCTd2009-10-01iLF1l0oM862.44 G643tp9891-10r2020-06-25w2020-06-25y2ZPréstamo interno c9650d9650